Carregando...

Mao ze Dong Kavithakal/

Detalhes bibliográficos
Autor principal: Mao ze Dong
Outros Autores: Sachidanandan (tr.)
Formato: Printed Book
Publicado em: Thiruvananthapuram: Chintha Publishers, 2011.
Assuntos:
LEADER 00644nam a22001937a 4500
999 |c 144094  |d 144094 
020 |a 9788126206315 
082 |a M1 (FTr.)  |b MAO/M 
100 |a Mao ze Dong  
245 |a Mao ze Dong Kavithakal/  |c by Mao ze Dong 
260 |a Thiruvananthapuram:  |b Chintha Publishers,  |c 2011. 
300 |a 56p. 
650 |a Translation Chinese Poetry 
650 |a Poetry Malayalam 
650 |a Literature Malayalam 
650 |a Literature 
700 |a Sachidanandan (tr.) 
942 |c BK 
952 |0 0  |1 0  |4 0  |6 M_1_000000000000000_FTR__MAO_M  |7 0  |9 101076  |a SSUS  |b SSUS  |c STACKS  |d 2019-11-20  |g 40.00  |o M1 (FTr.) MAO/M  |p 097652  |r 2019-11-20  |w 2019-11-20  |y BK